000 00454nam a22001817a 4500
005 20260530162820.0
008 260530b |||||||| |||| 00| 0 eng d
020 _a9783110652598
_c4270.65
040 _aMAIN
041 _aGerman
082 _a838.809
_bCAR
100 _aCarmen, Aus der Au
_926969
245 _aTheodor Fontane Als Kunstkritiker
260 _aBerlin
_bDe Gruyter
_c2019
300 _a446
650 _aGerman Language
942 _cBK
999 _c60941
_d60941